| 000 | 00606nam a2200193 a 4500 | ||
|---|---|---|---|
| 001 | 000034275 | ||
| 005 | 20200930073620.0 | ||
| 008 | 110929s2003 es 000 0 spa d | ||
| 020 | _a8466203877 | ||
| 040 |
_aDO-SdBNP _bspa _cBNPHU |
||
| 100 | 1 |
_aHalbertsma, Hidde. _959705 |
|
| 245 | 1 | 0 |
_aEnciclopedia de las antigüedades / _cHidde Halbertsma; traducción, José Luis Tamayo e Inés Martín. |
| 260 |
_aMadrid : _bLibsa, _c2003. |
||
| 300 |
_a346 p. : _bil., retrs ; _c24 cm. |
||
| 500 | 1 | _aIncluye índice | |
| 700 | 1 |
_aTamayo, José Luis, _959703 |
|
| 700 | 1 |
_aMartín, Inés, _945082 |
|
| 049 | _aBNPD | ||
| 999 |
_c33766 _d33766 |
||